SQL essentials / (Record no. 368011)
[ view plain ]
| 000 -LEADER | |
|---|---|
| fixed length control field | 00739nam a22002417a 4500 |
| 003 - CONTROL NUMBER IDENTIFIER | |
| control field | 0 |
| 005 - DATE AND TIME OF LATEST TRANSACTION | |
| control field | 20250917121752.0 |
| 008 - FIXED-LENGTH DATA ELEMENTS--GENERAL INFORMATION | |
| fixed length control field | 250917b xxu||||| |||| 00| 0 eng d |
| 020 ## - INTERNATIONAL STANDARD BOOK NUMBER | |
| International Standard Book Number | 978-1-394-29694-1 |
| 050 ## - LIBRARY OF CONGRESS CALL NUMBER | |
| Classification number | QA 76.73.S67 |
| Item number | .B58 2025 |
| 100 ## - MAIN ENTRY--PERSONAL NAME | |
| Personal name | Blum, Richard, |
| Relator term | author. |
| 245 ## - TITLE STATEMENT | |
| Title | SQL essentials / |
| Statement of responsibility, etc | Richard Blum and Allen G. Taylor. |
| 260 ## - PUBLICATION, DISTRIBUTION, ETC. (IMPRINT) | |
| Place of publication, distribution, etc | Hoboken, NJ : |
| Name of publisher, distributor, etc | John Wiley & Sons, Inc., |
| Date of publication, distribution, etc | 2025. |
| 300 ## - PHYSICAL DESCRIPTION | |
| Extent | xi, 188 pages ; |
| Dimensions | 22 cm. |
| 440 ## - SERIES STATEMENT/ADDED ENTRY--TITLE | |
| Title | Learning made easy. |
| 440 ## - SERIES STATEMENT/ADDED ENTRY--TITLE | |
| Title | for dummies. |
| 504 ## - BIBLIOGRAPHY, ETC. NOTE | |
| Bibliography, etc | Includes index. |
| 650 ## - SUBJECT ADDED ENTRY--TOPICAL TERM | |
| Topical term or geographic name as entry element | SQL (Computer program language). |
| 650 ## - SUBJECT ADDED ENTRY--TOPICAL TERM | |
| Topical term or geographic name as entry element | Relational databases |
| General subdivision | Programming. |
| 650 ## - SUBJECT ADDED ENTRY--TOPICAL TERM | |
| Topical term or geographic name as entry element | Database management. |
| 700 ## - ADDED ENTRY--PERSONAL NAME | |
| Personal name | Taylor, Allen G., |
| Relator term | author. |
| 942 ## - ADDED ENTRY ELEMENTS (KOHA) | |
| Source of classification or shelving scheme | Library of Congress Classification |
| Koha item type | Books |
| Withdrawn status | Lost status | Source of classification or shelving scheme | Damaged status | Home library | Current library | Shelving location | Date acquired | Source of acquisition | Sub Shelving location | Total Checkouts | Full call number | Barcode | Date last seen | Price effective from | Koha item type |
|---|---|---|---|---|---|---|---|---|---|---|---|---|---|---|---|
| Library of Congress Classification | College Library | College Library | Reserve Section | 06/04/2025 | Library Fund | QA 76.73.S67 .B58 2025 | C25126 | 09/17/2025 | 09/17/2025 | Books |